LEADER 01502nam--2200421---450- 001 990001917000203316 005 20070306101006.0 035 $a000191700 035 $aUSA01000191700 035 $a(ALEPH)000191700USA01 035 $a000191700 100 $a20040809d1948----km-y0itay0103----ba 101 0 $afre 102 $aFR 105 $a||||||||001yy 200 1 $aMemoires$fClaude Henri de Rouvroy Saint Simon, comte de Mèmoires$gtexte etabli et annoté par Gonzague Truc 210 $aParis$cGallimard$d1948 215 $av.$d18 cm 327 $a<> : 1959. - 1336 p. ; <> : 1948. - 1456 p. ; <> : 1950. - 1508 p. ; <> : 1951. - 1359 p. ; <> : 1955. - 1556 p. ; <> : 1958. - 1539 p. 410 0$12001 454 1$12001 461 1$1001-------$12001 700 1$aSaint-Simon,$bClaude Henri : de $0126206 702 1$aTRUC,$bGonzague 801 0$aIT$bsalbc$gISBD 912 $a990001917000203316 951 $aVI.4. Coll. 21/ 114/1(II f A 635/1)$b1254 L.M.$cII f 951 $aVI.4. Coll. 21/ 114/2(II f A 635/2)$b1255 Lm$cII f 951 $aVI.4. Coll. 21/ 114/3(II f A 635/3)$b1256 LM$cII f 959 $aBK 969 $aUMA 979 $aSIAV2$b10$c20040809$lUSA01$h1103 979 $aSIAV2$b10$c20040809$lUSA01$h1105 979 $aCOPAT5$b90$c20050805$lUSA01$h1408 979 $aCOPAT5$b90$c20070306$lUSA01$h1010 979 $aCHIARA$b90$c20141121$lUSA01$h1120 996 $aMémoires$9212739 997 $aUNISA LEADER 01120nam--2200397---450- 001 990001635050203316 005 20050309124550.0 035 $a000163505 035 $aUSA01000163505 035 $a(ALEPH)000163505USA01 035 $a000163505 100 $a20040505d1977----km-y0itay0103----ba 101 0 $aeng 102 $aGB 105 $aa|||||||001yy 200 1 $aEnvironmental Change$fAndrew S. Goudie 210 $aOxford$cClarendon press$d1977 215 $aXI, 244 p.$cill.$d23 cm 225 2 $aContemporary problems in geography$v1 410 0$12001$aContemporary problems in geography$v1 454 1$12001 461 1$1001-------$12001 606 0 $aGeografia fisica 606 0 $aGeologia 606 0 $aClima 676 $a574.5 700 1$aGOUDIE,$bAndrew S.$0275815 801 0$aIT$bsalbc$gISBD 912 $a990001635050203316 951 $aIII.1. 2069(I L Coll 50/1)$b81201 L.M.$cI L Coll 959 $aBK 969 $aUMA 979 $aSIAV5$b10$c20040505$lUSA01$h1044 979 $aCOPAT3$b90$c20050309$lUSA01$h1245 996 $aEnvironmental change$9631208 997 $aUNISA